| 000 | 00501nam a22001817a 4500 | ||
|---|---|---|---|
| 005 | 20150911105231.0 | ||
| 010 | _aENG-113944 | ||
| 020 |
_c150.00 _a9789350450932 |
||
| 035 | _aEN-97476 | ||
| 037 |
_bDBAD/PUB _adpl |
||
| 082 | _a881 | ||
| 100 | _aParneet Jaggi | ||
| 245 |
_aLive love light / _cby Parneet Jaggi |
||
| 260 |
_aCalcutta _bWriters Workshop _c2014 |
||
| 270 |
_a162/92, Lake Gardens, _bCalcutta _e700045 |
||
| 300 |
_a76p. _c22cm(Hb) |
||
| 942 |
_2ddc _cEN _mPAR _h881 |
||
| 999 |
_c96523 _d96523 |
||